Conferencia de Xavier Zubiri para la historia (Record no. 850261)

000 -CABECERA
Campo de control de longitud fija 00505nab a2200145 4500
003 - IDENTIFICADOR DEL NÚMERO DE CONTROL
Campo de control ES-SlBCS
005 - FECHA Y HORA DE LA ÚLTIMA TRANSACCIÓN
Campo de control 20230517074811.0
008 - CÓDIGOS DE INFORMACIÓN DE LONGITUD FIJA
Campo de control de longitud fija 150109s2014 sp ||||| |||| 00| 0 spa d
040 ## - FUENTE DE LA CATALOGACIÓN
Centro catalogador del origen ES-SlBCS
Lengua de catalogación spa
100 1# - PUNTO DE ACCESO PRINCIPAL-NOMBRE DE PERSONA
Nombre de persona Blázquez, Niceto
9 (RLIN) 28632
245 10 - MENCIÓN DE TÍTULO
Título Conferencia de Xavier Zubiri para la historia
Mención de responsabilidad, etc. Niceto Blázquez
600 10 - PUNTO DE ACCESO ADICIONAL DE MATERIA-NOMBRE DE PERSONA
Nombre personal Zubiri, Xavier
Fechas asociadas con el nombre (1898-1983)
Subdivisión general Crítica e interpretación
9 (RLIN) 120105
773 0# - ENLACE AL DOCUMENTO FUENTE
Parte(s) relacionada(s) Vol. 54, Nº 3, 2014, págs. 425-453
Título Studium (Madrid)
Número de control del registro relacionado Rev443
Número Internacional Normalizado para Publicaciones Seriadas (ISSN) 0585-766X
942 ## - ENTRADA DE ELEMENTOS AGREGADOS (KOHA)
Fuente de clasificaión o esquema
Koha [por defecto] tipo de item Artículos de revista
Holdings
Suprimido Perdido Fuente de clasificación o esquema Estropeado No para préstamo Localización permanente Localización actual Localización en estantería Fecha adquisición Préstamos totales Fecha última consulta Fecha del precio de reemplazo Tipo de item de Koha
          San Esteban San Esteban Depósito de revistas 09/01/2015   09/01/2015 09/01/2015 Artículos de revista

Bibliotecas Dominicos Provincia Hispania, 2016

Con tecnología Koha